[Event "Lovsprings op 10th D"]
[Site "Ringsted"]
[Date "1998.05.15"]
[Round "6"]
[White "Karie, Abdullahi M"]
[Black "Rytter, Morten"]
[Result "1/2-1/2"]
[WhiteElo "1093"]
[BlackElo "1267"]
[PlyCount "48"]
[EventDate "1998.03.13"]
[EventType "swiss"]
[EventRounds "7"]
[EventCountry "DEN"]
[SourceTitle "EXT 2023"]
[Source "ChessBase"]
[SourceDate "2022.10.05"]
[SourceVersion "1"]
[SourceVersionDate "2022.10.05"]
[SourceQuality "1"]

1. d4 d5 2. Bf4 Bf5 3. e3 Nf6 4. Nf3 e6 5. Be2 Be7 6. 0-0 c5 7. c4 cxd4 8. Nxd4 Bxb1 9. Rxb1 0-0 10. Rc1 Nbd7 11. Nf3 Rc8 12. a3 dxc4 13. Bxc4 Nb6 14. Qb3 Nxc4 15. Rxc4 Rxc4 16. Qxc4 Qb6 17. Be5 Qc5 18. Qb3 b6 19. Bd4 Qc7 20. Rd1 Rc8 21. g3 h6 22. Bc3 Rd8 23. Bd4 Rc8 24. Qa4 Qc2 1/2-1/2

[Event "Lovsprings op 10th D"]
[Site "Ringsted"]
[Date "1998.03.13"]
[Round "1"]
[White "Karie, Abdullahi M"]
[Black "Hein, Jacob"]
[Result "0-1"]
[WhiteElo "1093"]
[BlackElo "1285"]
[PlyCount "60"]
[EventDate "1998.03.13"]
[EventType "swiss"]
[EventRounds "7"]
[EventCountry "DEN"]
[SourceTitle "EXT 2023"]
[Source "ChessBase"]
[SourceDate "2022.10.05"]
[SourceVersion "1"]
[SourceVersionDate "2022.10.05"]
[SourceQuality "1"]

1. c4 Nf6 2. Nc3 e6 3. d4 Bb4 4. Bd2 c5 5. e3 Nc6 6. a3 Bxc3 7. Bxc3 cxd4 8. exd4 0-0 9. Nf3 Ne4 10. Qc2 f5 11. Bd3 Nxc3 12. Qxc3 Qf6 13. 0-0 b6 14. Ne5 Ne7 15. Rac1 d6 16. Nf3 Bb7 17. Be2 Rac8 18. Rfd1 Nd5 19. Qd2 Ne7 20. Qb4 Rfd8 21. c5 dxc5 22. dxc5 Rxd1+ 23. Bxd1 Nd5 24. Qb3 Nf4 25. Rc4 Bd5 26. c6 Rxc6 27. Nd2 Qg5 28. Bf3 Nh3+ 29. Kf1 Qxd2 30. Bxd5 Qxf2# 0-1